Statistics for Groups of Countries (by Cedo) #27

Click here to take the quiz!

General Stats

  • This quiz has been taken 85 times
  • The average score is 13 of 22

Answer Stats

HintAnswer% Correct
Using a currency named "rupee" (officially)India
95%
Roman Catholicism as state/official religion (sov.)Vatican City
91%
Using a currency named "rupee" (officially)Nepal
86%
Using a currency named "rupee" (officially)Sri Lanka
84%
Using a currency named "rupee" (officially)Pakistan
83%
Regions of BelgiumFlemish Region / Flanders
79%
Greater Antilles (all*)Cuba
70%
Greater Antilles (all*)Haiti
67%
Greater Antilles (all*)Jamaica
67%
Greater Antilles (all*)Dominican Republic
66%
Using a currency named "rupee" (officially)Maldives
66%
Using a currency named "rupee" (officially)Indonesia
58%
Regions of BelgiumBrussels-Capital Region / Brussels
53%
Roman Catholicism as state/official religion (sov.)Monaco
45%
Greater Antilles (all*)Puerto Rico
45%
Regions of BelgiumWalloon Region / Wallonia
45%
Roman Catholicism as state/official religion (sov.)Liechtenstein
39%
Roman Catholicism as state/official religion (sov.)Malta
37%
Using a currency named "rupee" (officially)Seychelles
34%
Using a currency named "rupee" (officially)Mauritius
32%
Greater Antilles (all*)Cayman Islands
17%
Roman Catholicism as state/official religion (sov.)Costa Rica
9%

Score Distribution

Percentile by Number Answered

Percent of People with Each Score

Your Score History

You have not taken this quiz